000 00684cam a22001814a 4500
005 20250605164227.0
008 250528s ||||||||||||||||||||||||d
035 _a20914
020 _a9786180302639
040 _aGR-AtMCL
_bgre
_dGR-AtMCL
_eAACR2
245 1 _aΟρφέας και Ευριδίκη / Μυθολογικά Παραμύθια
260 _bΜεταίχμιο,
_c2016
520 _aΜε τη σειρά Μυθολογικά Παραμύθια επιχειρήται μία καινούργια "ανάγνωση" των Αρχαίων Ελληνικών Μύθων.
700 1 _aΚύρδη Καλλιόπη
_96899
942 _cBK
999 _c5991
_d5991